00619nam a22001937a 450000500170000001000150001702000190003203500130005103700130006408200150007724501050009226000480019727000200024530000330026565000400029865000320033865000360037070000190040620100813115918.0 aENG-100650 c3000.00 (v.44) aEN-84183 bDBAD/PUB a011.340954 aGuide to Indian periodical literature: cediter by Satya parkashb(social sciences and humanities) / aGargaonbIndian Documentation Servicec2009 bGargaone122001 a44V (xxvi, 535p.)c25cm (Hb) aIndian preiodicals index periodical aHumanities periodical index aSocial science periodical index aSatya, Prakesh